[Event "Palermo Magistrale op 2nd"]
[Site "Palermo"]
[Date "1981.09.19"]
[Round "1.1"]
[White "Pardoen, Alain"]
[Black "Pavone, Antonino"]
[Result "1-0"]
[WhiteElo "2223"]
[BlackElo "1900"]
[PlyCount "65"]
[EventDate "1981.09.19"]
[EventType "swiss"]
[EventRounds "9"]
[EventCountry "ITA"]
[SourceTitle "EXT 2024"]
[Source "ChessBase"]
[SourceDate "2023.10.10"]
[SourceVersion "1"]
[SourceVersionDate "2023.10.10"]
[SourceQuality "1"]

1. d4 c6 2. c4 d6 3. Nf3 g6 4. Nc3 Bg7 5. e4 Bg4 6. Be2 Bxf3 7. Bxf3 Qb6 8. d5 Nd7 9. 0-0 Ngf6 10. Qc2 c5 11. a3 0-0 12. Be3 Qc7 13. Be2 Qc8 14. h3 h6 15. Rfe1 b6 16. Rab1 Re8 17. f4 Nh7 18. Qd2 Ndf8 19. Bf3 a6 20. Bf2 Rb8 21. e5 Qc7 22. e6 fxe6 23. dxe6 Nf6 24. g4 Qc8 25. g5 hxg5 26. fxg5 N6h7 27. h4 Be5 28. Bd5 Kg7 29. Rxe5 dxe5 30. Qe3 Nxe6 31. Qxe5+ Kf7 32. Rf1 Nhf8 33. Bd4+ 1-0